Romeo and Juliet (notes)

Збережено в:
Бібліографічні деталі
Автор: Shakespeare, William
Формат: Книга
Мова:Undetermined
Опубліковано: Nebraska, Estados Unidos Cliff´s Notes 1960
Предмети:
Теги: Додати тег
Немає тегів, Будьте першим, хто поставить тег для цього запису!

MARC

LEADER 00000nam a2200000Ia 4500
008 170316s9999 xx 000 0 und d
040 |a cru BVZT 
090 |a 820 S-5ro 
100 |a Shakespeare, William 
245 |a Romeo and Juliet (notes) 
260 |a Nebraska, Estados Unidos 
260 |b Cliff´s Notes 
260 |c 1960 
300 |a 59 páginas 
650 |a LITERATURA INGLESA 
999 |c 7177  |d 7177 
942 |c 15 D  |h 820 S-5ro  |2 z